[Event "GER-ch U25-C"]
[Site "Willingen"]
[Date "2023.05.30"]
[Round "4"]
[White "Aslanov, Kamran"]
[Black "Kulgemeyer, Justus"]
[Result "1/2-1/2"]
[WhiteElo "905"]
[BlackElo "1106"]
[PlyCount "68"]
[EventDate "2023.05.27"]
[EventType "swiss"]
[EventRounds "9"]
[EventCountry "GER"]
[SourceTitle "CBM 214 Extra"]
[Source "ChessBase"]
[SourceDate "2023.07.31"]
[SourceVersion "1"]
[SourceVersionDate "2023.07.31"]
[SourceQuality "1"]

1. e4 c5 2. Nf3 e6 3. c3 Nc6 4. d4 cxd4 5. Nxd4 Nxd4 6. cxd4 Nf6 7. Nc3 Bb4 8. Bd3 a6 9. 0-0 b5 10. e5 Nd5 11. Be4 Bb7 12. Qf3 Bxc3 13. bxc3 0-0 14. Qg3 g6 15. Bh6 Re8 16. Bg5 Qc7 17. Bf6 Nxc3 18. Bf3 Bxf3 19. Qxf3 h5 20. Rac1 b4 21. a3 a5 22. Qe3 Kh7 23. Bg5 Rac8 24. Qf3 Rf8 25. Kh1 b3 26. Be7 Rg8 27. Qxf7+ Rg7 28. Qf6 Rgg8 29. Qf7+ Kh6 30. h4 Rg7 31. Qf6 Rxe7 32. Qg5+ Kg7 33. Qxe7+ Kh6 34. Qd6 b2 1/2-1/2